[Event "4NCL/Div1/WG1-GUI"]
[Site "Rd10-Birmingham"]
[Date "2000.04.30"]
[Round "10.8"]
[White "Yurenok, Maria"]
[Black "Arakhamia, Ketevan"]
[Result "0-1"]
[WhiteElo "1912"]
[BlackElo "2404"]
[PlyCount "108"]
[EventDate "2000.04.30"]

1. d4 Nf6 2. Nf3 g6 3. Bg5 Bg7 4. Nbd2 d5 5. e3 O-O 6. Bd3 Nbd7 7. O-O Re8 8.
c4 c6 9. Rc1 Nf8 10. Qb3 a6 11. h3 Ne6 12. Bxf6 Bxf6 13. cxd5 cxd5 14. Ne5 Bg7
15. Be2 Qd6 16. f4 Rd8 17. Ndf3 f6 18. Nd3 b6 19. Rc3 Bb7 20. Rfc1 Rd7 21. Qb4
a5 22. Qxd6 Rxd6 23. b3 Ba6 24. Kf2 Nd8 25. Nb2 Bxe2 26. Kxe2 Kf7 27. Rc7 Ke8
28. Nd1 Bf8 29. Nc3 Rb8 30. Nb5 Re6 31. a4 Re4 32. Ra7 Kf7 33. Nc7 Rc8 34. Nd2
Ne6 35. Nxe4 dxe4 36. Rc3 f5 37. Nb5 Rd8 38. Rb7 Bg7 39. Rxb6 g5 40. g3 h5 41.
Rbc6 h4 42. gxh4 gxf4 43. Nc7 Nxc7 44. Rxc7 fxe3 45. R3c5 Ke6 46. R7c6+ Rd6 47.
d5+ Ke5 48. Rxa5 f4 49. Rxd6 exd6 50. Ra7 Bh6 51. Rf7 f3+ 52. Kd1 e2+ 53. Ke1
Kd4 54. Rf6 Be3 0-1

[Event "4NCL/Div1/BR-BIG"]
[Site "Rd10-Birmingham"]
[Date "2000.04.30"]
[Round "10.1"]
[White "Sherwin, James"]
[Black "Parker, Jonathan"]
[Result "0-1"]
[WhiteElo "2369"]
[BlackElo "2532"]
[PlyCount "82"]
[EventDate "2000.04.30"]

1. Nf3 d5 2. d4 Nf6 3. c4 dxc4 4. e3 e6 5. Bxc4 a6 6. O-O c5 7. Bb3 b5 8. a4 b4
9. e4 cxd4 10. e5 Nfd7 11. Qxd4 Nc6 12. Qg4 Bb7 13. Bf4 Nc5 14. Nfd2 Nxb3 15.
Nxb3 Qd5 16. N1d2 h5 17. Qh3 Be7 18. Rac1 Nd4 19. Nxd4 Qxd4 20. Rc4 Qd5 21. Be3
Qxe5 22. f4 Qd6 23. f5 Rd8 24. Rd4 Qc6 25. Rc4 Qd6 26. Rd4 Bd5 27. Nc4 Qc7 28.
Rc1 Bf6 29. Rf4 e5 30. Bb6 Qb8 31. Bxd8 exf4 32. Bxf6 gxf6 33. Qd3 Bxc4 34.
Rxc4 O-O 35. Qf3 Qe5 36. Rxf4 Qe1+ 37. Qf1 Qe3+ 38. Kh1 Rc8 39. Rf3 Qd2 40. Rd3
Rc1 41. Rd8+ Kg7 0-1

[Event "4NCL/Div1/BR-BIG"]
[Site "Rd10-Birmingham"]
[Date "2000.04.30"]
[Round "10.2"]
[White "McShane, Luke"]
[Black "Ansell, Simon"]
[Result "1-0"]
[WhiteElo "2438"]
[BlackElo "2383"]
[PlyCount "73"]
[EventDate "2000.04.30"]

1. e4 c5 2. Nf3 Nc6 3. d4 cxd4 4. Nxd4 e5 5. Nb5 d6 6. c4 Be7 7. N1c3 a6 8. Na3
Be6 9. Be2 Bg5 10. O-O Bxc1 11. Rxc1 Nf6 12. Nc2 O-O 13. Qd2 Qb6 14. b3 Rfd8
15. Rfd1 Rac8 16. Nd5 Bxd5 17. exd5 Ne7 18. Ne3 g6 19. b4 Ne4 20. Qe1 f5 21.
Bd3 Nf6 22. c5 dxc5 23. d6 Nc6 24. Bc4+ Kg7 25. Be6 Qxb4 26. Bxc8 Qxe1+ 27.
Rxe1 Rxc8 28. Rxc5 Rd8 29. Rb1 Rd7 30. f3 Ne8 31. Nc4 Kf6 32. Nb6 Rxd6 33. Nd5+
Kg5 34. Rxb7 h5 35. Rb6 Nd4 36. Rxd6 Nxd6 37. Ra5 1-0

[Event "4NCL/Div1/BR-BIG"]
[Site "Rd10-Birmingham"]
[Date "2000.04.30"]
[Round "10.3"]
[White "Beaumont, Chris"]
[Black "Baker, Chris W"]
[Result "1/2-1/2"]
[WhiteElo "2290"]
[BlackElo "2357"]
[PlyCount "122"]
[EventDate "2000.04.30"]

1. Nf3 c5 2. c4 Nf6 3. Nc3 Nc6 4. g3 Nd4 5. Bg2 g6 6. Rb1 Bg7 7. b4 d6 8. O-O
O-O 9. d3 cxb4 10. Rxb4 Qa5 11. a3 Nxf3+ 12. Bxf3 Rb8 13. Bd2 a6 14. Qb3 Nd7
15. Nd5 Qd8 16. Rb1 Nc5 17. Qc2 Bd7 18. Bc3 Bc8 19. Bxg7 Kxg7 20. Nb6 e5 21.
Na4 Ne6 22. Bxb7 Nd4 23. Qd1 Bxb7 24. Rxb7 Rxb7 25. Rxb7 Qa8 26. Rb6 Rb8 27.
Rxb8 Qxb8 28. e3 Ne6 29. d4 e4 30. h4 Kg8 31. c5 dxc5 32. Nxc5 Nxc5 33. dxc5 h5
34. Qc2 Qc7 35. c6 Kh7 36. Qxe4 Qa5 37. Qb4 Qd5 38. c7 Qd1+ 39. Kh2 Qc2 40. Qf4
Kg8 41. e4 a5 42. Kg2 a4 43. Qe5 Kh7 44. Qe7 Kg7 45. e5 Qc6+ 46. Kh2 Qc2 47.
Qf6+ Kg8 48. e6 Qxc7 49. Qxf7+ Qxf7 50. exf7+ Kxf7 51. g4 Ke6 52. Kg3 Kd5 53.
g5 Ke5 54. Kf3 Kf5 55. Kg3 Ke5 56. f3 Kf5 57. Kg2 Ke5 58. Kg3 Kf5 59. Kg2 Ke5
60. Kh3 Kf4 61. Kg2 Ke5 1/2-1/2

[Event "4NCL/Div1/BR-BIG"]
[Site "Rd10-Birmingham"]
[Date "2000.04.30"]
[Round "10.4"]
[White "Cooper, Lawrence"]
[Black "Burgess, Graham"]
[Result "1/2-1/2"]
[WhiteElo "2338"]
[BlackElo "2300"]
[PlyCount "39"]
[EventDate "2000.04.30"]

1. e4 Nf6 2. e5 Nd5 3. d4 d6 4. c4 Nb6 5. exd6 cxd6 6. Nc3 g6 7. h3 Bg7 8. Nf3
O-O 9. Be2 Nc6 10. O-O Bf5 11. Bf4 h6 12. Be3 d5 13. b3 dxc4 14. bxc4 Na5 15.
c5 Nbc4 16. Bf4 b6 17. cxb6 axb6 18. Rc1 g5 19. Bg3 Qd7 20. Ne5 1/2-1/2

[Event "4NCL/Div1/BR-BIG"]
[Site "Rd10-Birmingham"]
[Date "2000.04.30"]
[Round "10.5"]
[White "Hanley, Craig"]
[Black "Webster, Andrew"]
[Result "0-1"]
[WhiteElo "2231"]
[BlackElo "2401"]
[PlyCount "122"]
[EventDate "2000.04.30"]

1. c4 b6 2. Nc3 Bb7 3. e4 e6 4. Nf3 Bb4 5. Bd3 Ne7 6. O-O O-O 7. Bc2 f5 8. d4
Bxc3 9. bxc3 Bxe4 10. Bxe4 fxe4 11. Ng5 h6 12. Nxe4 Nbc6 13. Qg4 Nf5 14. Bf4 d6
15. Rfe1 Qh4 16. Qxh4 Nxh4 17. Bg3 Nf5 18. c5 bxc5 19. dxc5 d5 20. Nd2 Nxg3 21.
hxg3 e5 22. c4 d4 23. Nf3 Rfe8 24. Re4 Kf7 25. Ne1 Rab8 {(=)} 26. Nd3 a5 27.
Rae1 a4 28. f4 exf4 29. Rxe8 Rxe8 30. Rxe8 Kxe8 31. gxf4 Na5 32. Ne5 Nb3 33.
Nf3 Nc1 34. a3 Ne2+ 35. Kf2 Nxf4 36. Nxd4 Nd3+ 37. Ke3 Nxc5 38. Nf5 Kf7 39. Kd4
Ne6+ 40. Ke5 h5 41. Ng3 h4 42. Ne4 Ke7 43. Kf5 Nd4+ 44. Kg5 Nc2 45. Nc3 Nxa3
46. Nxa4 Nxc4 47. Kxh4 Kf6 48. Kg4 Ne5+ 49. Kf4 Nd7 50. Nc3 c5 51. Nd5+ Kf7 52.
Kf5 g6+ 53. Kg5 c4 54. Kf4 Ke6 55. Ke4 Nf6+ 56. Nxf6 Kxf6 57. Kd4 Kf5 58. Kxc4
Ke4 59. Kc5 g5 60. Kd6 g4 61. Ke6 g3 0-1

[Event "4NCL/Div1/BR-BIG"]
[Site "Rd10-Birmingham"]
[Date "2000.04.30"]
[Round "10.6"]
[White "Ferguson, Mark"]
[Black "Ledger, David"]
[Result "1/2-1/2"]
[WhiteElo "2371"]
[BlackElo "2285"]
[PlyCount "71"]
[EventDate "2000.04.30"]

1. e4 e5 2. Nf3 Nc6 3. Nc3 Nf6 4. Bb5 Nd4 5. Bc4 Bc5 6. d3 d6 7. Nxd4 Bxd4 8.
h3 c6 9. Qf3 Be6 10. Bb3 Nd7 11. Ne2 Bb6 12. Ng3 Qf6 13. Qxf6 Nxf6 14. f4 Bxb3
15. axb3 g6 16. Rf1 Nd7 17. Ke2 a6 18. Bd2 O-O 19. f5 f6 20. h4 Kf7 21. fxg6+
hxg6 22. h5 gxh5 23. Rh1 Rh8 24. Nf5 Ke6 25. Ng7+ Kf7 26. Nf5 Ke6 27. Ng7+ Kf7
28. Nxh5 Rag8 29. Kf3 Nf8 30. Ng3 Ng6 31. Nf5 Ke6 32. g3 d5 33. Be3 Bxe3 34.
Nxe3 Rxh1 35. Rxh1 Rh8 36. Rxh8 1/2-1/2

[Event "4NCL/Div1/BR-BIG"]
[Site "Rd10-Birmingham"]
[Date "2000.04.30"]
[Round "10.7"]
[White "Buckley, Simon"]
[Black "Mason, Don"]
[Result "0-1"]
[WhiteElo "2270"]
[BlackElo "2279"]
[PlyCount "92"]
[EventDate "2000.04.30"]

1. e4 e6 2. d4 d5 3. Nc3 Bb4 4. e5 c5 5. a3 Bxc3+ 6. bxc3 Ne7 7. Nf3 Bd7 8. a4
Qa5 9. Bd2 Nbc6 10. Bb5 f6 11. exf6 gxf6 12. c4 Qc7 13. cxd5 Nxd5 14. c4 Nde7
15. dxc5 O-O-O 16. Qe2 a6 17. Bxc6 Nxc6 18. Be3 e5 19. Nd2 Bf5 20. Ra3 Nd4 21.
Bxd4 Rxd4 22. O-O Rhd8 23. Nf3 Bd3 24. Qa2 Rf4 25. Rxd3 Rxd3 26. Qe2 Qd7 27. c6
bxc6 28. h3 e4 29. Ne1 Rd2 30. Qe3 Rf5 31. Qxe4 Re5 32. Qh4 Rd1 33. f4 Re2 34.
Nf3 Rxf1+ 35. Kxf1 Qd1+ 36. Ne1 Re3 37. Qf2 Qc1 38. Qh4 Qxc4+ 39. Kg1 Qc1 40.
Kf1 Qc4+ 41. Kg1 Qc1 42. Kf1 Re4 43. Qg4+ Kc7 44. Qg7+ Kb6 45. a5+ Kxa5 46.
Qc7+ Ka4 0-1

[Event "4NCL/Div1/BR-BIG"]
[Site "Rd10-Birmingham"]
[Date "2000.04.30"]
[Round "10.8"]
[White "Regan, Natasha"]
[Black "Buckley, Melanie"]
[Result "0-1"]
[WhiteElo "2184"]
[BlackElo "2090"]
[PlyCount "70"]
[EventDate "2000.04.30"]

1. f4 Nf6 2. Nf3 d5 3. g3 c5 4. Bg2 Nc6 5. O-O g6 6. d3 Bg7 7. Qe1 Nd4 8. Nxd4
cxd4 9. c3 Qb6 10. Kh1 O-O 11. cxd4 Qxd4 12. Nc3 e6 13. h3 Bd7 14. g4 Bc6 15.
Qh4 b5 16. f5 exf5 17. Bg5 Nd7 18. Rf4 Qe5 19. d4 Qd6 20. Rff1 fxg4 21. Be7 Qe6
22. Bxf8 Rxf8 23. e4 dxe4 24. d5 Bxd5 25. Nxd5 Qxd5 26. Qxg4 f5 27. Qe2 Ne5 28.
a4 a6 29. axb5 axb5 30. Rfd1 Nd3 31. Rd2 Qc5 32. Rc2 Qb6 33. Rf1 Bd4 34. b3 Qd6
35. Rd2 Qg3 0-1

[Event "4NCL/Div1/RIC-NWE"]
[Site "Rd10-Birmingham"]
[Date "2000.04.30"]
[Round "10.1"]
[White "Williams, Simon"]
[Black "Lund, Brett"]
[Result "1-0"]
[WhiteElo "2362"]
[BlackElo "2291"]
[PlyCount "65"]
[EventDate "2000.04.30"]

1. c4 f5 2. Nc3 Nf6 3. d4 e6 4. h3 b6 5. Nf3 Bb7 6. g4 Bb4 7. Bg5 Qe7 8. Rg1
Bxc3+ 9. bxc3 Nc6 10. e3 Qa3 11. Bxf6 Qxc3+ 12. Nd2 gxf6 13. gxf5 O-O-O 14. Rc1
Qa5 15. c5 exf5 16. Qb3 f4 17. Kd1 fxe3 18. fxe3 Qb4 19. Qc2 Nxd4 20. exd4 Qxd4
21. Rg3 Bc6 22. cxb6 axb6 23. Qd3 Qa4+ 24. Nb3 Rde8 25. Qa6+ Qxa6 26. Bxa6+ Kb8
27. Nd4 Ba4+ 28. Kd2 Re4 29. Rc4 b5 30. Bxb5 Bxb5 31. Rb3 Kc8 32. Rxb5 Rg8 33.
Rcb4 {time} 1-0

[Event "4NCL/Div1/RIC-NWE"]
[Site "Rd10-Birmingham"]
[Date "2000.04.30"]
[Round "10.3"]
[White "Hinks-Edwards, Thomas"]
[Black "Littlewood, John"]
[Result "0-1"]
[WhiteElo "2291"]
[BlackElo "2313"]
[PlyCount "30"]
[EventDate "2000.04.30"]

1. e4 e5 2. Nf3 Nf6 3. Nxe5 d6 4. Nf3 Nxe4 5. d4 d5 6. Bd3 Nc6 7. O-O Be7 8.
Re1 Bg4 9. c3 f5 10. Qb3 O-O 11. Nbd2 Kh8 12. Ne5 Nxe5 13. dxe5 Bc5 14. Rf1 Qh4
15. g3 Nxg3 0-1

[Event "4NCL/Div1/RIC-NWE"]
[Site "Rd10-Birmingham"]
[Date "2000.04.30"]
[Round "10.5"]
[White "Phillips, Roy"]
[Black "Sheldon, Ruth"]
[Result "0-1"]
[WhiteElo "2257"]
[BlackElo "2281"]
[PlyCount "92"]
[EventDate "2000.04.30"]

1. e4 c5 2. Nf3 e6 3. d3 Nc6 4. g3 g6 5. d4 cxd4 6. Nxd4 Nf6 7. Bg2 Bg7 8. Nc3
O-O 9. Nb3 d5 10. exd5 exd5 11. O-O Bg4 12. f3 Qb6+ 13. Kh1 Be6 14. Ne2 Rfe8
15. Nbd4 Bd7 16. c3 Rac8 17. Qd2 Re7 18. b3 Qa6 19. Bb2 Rce8 20. Rf2 h6 21. Rd1
Bc8 22. Bf1 Qa5 23. Kg2 Nd7 24. a4 a6 25. Nc2 Nf6 26. Ned4 Ne5 27. Ba3 Rc7 28.
Bb4 Qb6 29. a5 Qa7 30. Re2 b6 31. Bd6 Nfd7 32. Bxc7 Qxc7 33. f4 Nc5 34. fxe5
Bg4 35. axb6 Qxb6 36. Rde1 Ne4 37. Rxe4 dxe4 38. Rxe4 Qb7 39. Qe3 Bf5 40. Bd3
Rxe5 41. Kf3 h5 42. Nb4 Bxe4+ 43. Bxe4 Qc8 44. Kf2 Qg4 45. Bf3 Rxe3 46. Bxg4
Rxc3 0-1

[Event "4NCL/Div1/RIC-NWE"]
[Site "Rd10-Birmingham"]
[Date "2000.04.30"]
[Round "10.6"]
[White "Tebb, David"]
[Black "Franklin, Michael"]
[Result "1/2-1/2"]
[WhiteElo "2272"]
[BlackElo "2239"]
[PlyCount "71"]
[EventDate "2000.04.30"]

1. e4 c5 2. Nf3 a6 3. c3 d5 4. exd5 Qxd5 5. d4 e6 6. Bd3 Nf6 7. O-O Nc6 8. Bg5
Be7 9. c4 Qd6 10. dxc5 Qxc5 11. Nc3 O-O 12. Re1 Rd8 13. a3 Qd6 14. Bf1 Qc7 15.
Qc2 Bd7 16. Rad1 Be8 17. Bd3 g6 18. b4 Nd4 19. Nxd4 Rxd4 20. Be3 Rdd8 21. h3 a5
22. c5 axb4 23. axb4 Nd5 24. Nxd5 Rxd5 25. Ra1 Rdd8 26. Bd4 Qf4 27. Rxa8 Rxa8
28. Qc3 Bc6 29. Be5 Qg5 30. g3 Qh5 31. Bf1 Qf3 32. Qxf3 Bxf3 33. Bg2 Bxg2 34.
Kxg2 f6 35. Bc7 Kf7 36. Rd1 1/2-1/2

[Event "4NCL/Div1/RIC-NWE"]
[Site "Rd10-Birmingham"]
[Date "2000.04.30"]
[Round "10.7"]
[White "Menon, Shanker"]
[Black "Hague, Ben"]
[Result "1-0"]
[WhiteElo "2241"]
[BlackElo "2250"]
[PlyCount "43"]
[EventDate "2000.04.30"]

1. e4 g6 2. d4 Bg7 3. f4 d6 4. Nf3 Bg4 5. Be3 c5 6. Nc3 Bxf3 7. gxf3 cxd4 8.
Bxd4 e5 9. fxe5 dxe5 10. Bf2 Nc6 11. Bb5 Nge7 12. Qxd8+ Kxd8 13. O-O-O+ Kc7 14.
Bc4 a6 15. Bc5 f5 16. Bd6+ Kb6 17. Na4+ Ka5 18. Rd3 b5 19. Bc7+ Kxa4 20. Bb3+
Kb4 21. Bb6 Bh6+ 22. Kb1 1-0

[Event "4NCL/Div1/IND-SWR"]
[Site "Rd10-Birmingham"]
[Date "2000.04.30"]
[Round "10.1"]
[White "Nunn, John"]
[Black "Gretarsson, Helgi"]
[Result "1/2-1/2"]
[WhiteElo "2598"]
[BlackElo "2544"]
[PlyCount "45"]
[EventDate "2000.04.30"]

1. e4 e5 2. Nf3 Nc6 3. Bb5 a6 4. Ba4 d6 5. Bxc6+ bxc6 6. d4 f6 7. Be3 Ne7 8.
Nc3 Ng6 9. Qe2 Be7 10. O-O-O Bd7 11. h4 h5 12. Qc4 Qb8 13. dxe5 Nxe5 14. Nxe5
fxe5 15. f4 exf4 16. Bxf4 Qb6 17. e5 d5 18. Qd3 O-O 19. Be3 Qb7 20. Rdf1 Rab8
21. b3 Rbe8 22. Rxf8+ Rxf8 23. Na4 1/2-1/2

[Event "4NCL/Div1/IND-SWR"]
[Site "Rd10-Birmingham"]
[Date "2000.04.30"]
[Round "10.2"]
[White "Jonkman, Harmen"]
[Black "Norwood, David"]
[Result "0-1"]
[WhiteElo "2446"]
[BlackElo "2518"]
[PlyCount "96"]
[EventDate "2000.04.30"]

1. e4 g6 2. d4 Bg7 3. Nc3 c6 4. Be3 d6 5. f4 Qb6 6. Rb1 e5 7. Nf3 Bg4 8. Qd2
exf4 9. Bf2 Nd7 10. Bc4 Bxf3 11. gxf3 g5 12. h4 h6 13. Ne2 Ne7 14. c3 d5 15.
Bd3 O-O-O 16. Rg1 f6 17. Nxf4 Rhg8 18. Nh5 Bh8 19. Kf1 dxe4 20. fxe4 Ng6 21.
Bc4 Rgf8 22. Be6 Rde8 23. Bf5 Ne7 24. Bxd7+ Kxd7 25. Qd3 Qa5 26. Qc4 Nc8 27. d5
cxd5 28. Rd1 Re5 29. Bc5 Nb6 30. Bxb6 axb6 31. Rxd5+ Rxd5 32. exd5 Qa6 33. Qxa6
bxa6 34. Ng3 f5 35. Ne2 g4 36. Kf2 Kd6 37. Nf4 Re8 38. Rd1 Bf6 39. h5 Bh4+ 40.
Kf1 Re4 41. Ne2 f4 42. b4 f3 43. Nd4 Re5 44. c4 Rxh5 45. Ne6 Bg3 46. Kg1 Rh2
47. c5+ bxc5 48. bxc5+ Ke5 0-1

[Event "4NCL/Div1/IND-SWR"]
[Site "Rd10-Birmingham"]
[Date "2000.04.30"]
[Round "10.3"]
[White "Hennigan, Michael"]
[Black "Davies, Nigel"]
[Result "1-0"]
[WhiteElo "2456"]
[BlackElo "2518"]
[PlyCount "195"]
[EventDate "2000.04.30"]

1. e4 c5 2. Nf3 e6 3. d3 Nc6 4. g3 Nf6 5. Bg2 Be7 6. O-O O-O 7. c3 d5 8. e5 Nd7
9. Re1 b5 10. Bf4 b4 11. c4 Nb6 12. Nbd2 Bb7 13. Qe2 Qd7 14. h4 Rfd8 15. h5 h6
16. Rad1 Rac8 17. b3 a5 18. g4 a4 19. Qe3 axb3 20. axb3 dxc4 21. dxc4 Qd3 22.
Ne4 Qxe3 23. Bxe3 Rxd1 24. Rxd1 Na5 25. Nfd2 Bxe4 26. Bxe4 Nxb3 27. Nxb3 Nxc4
28. Bxc5 Bxc5 29. Nxc5 Nxe5 30. Nd3 Nxg4 31. Nxb4 Nf6 32. Bf3 Rc5 33. Rd8+ Kh7
34. Rf8 Nxh5 35. Rxf7 Kg6 36. Rf8 Nf6 37. Nd3 Ra5 38. Be2 e5 39. Rc8 Kf5 40.
Rc7 g5 41. Nb4 g4 42. Nc2 Nd5 43. Rc8 h5 44. Bd3+ Kf6 45. Rf8+ Ke7 46. Rh8 Nf4
47. Bc4 Ra4 48. Ne3 Ra3 49. Kh2 Kf6 50. Rf8+ Kg6 51. Kg3 Rc3 52. Rg8+ Kf6 53.
Rf8+ Kg6 54. Re8 Kf6 55. Kh2 Ra3 56. Rb8 Rc3 57. Ra8 Kg6 58. Rg8+ Kf6 59. Nd5+
Nxd5 60. Bxd5 Rd3 61. Be4 Rd4 62. Bb7 Rf4 63. Kg3 Ke7 64. Rg5 h4+ 65. Kxh4 Rxf2
66. Kg3 Re2 67. Rxg4 Re3+ 68. Kf2 Ra3 69. Be4 Ke6 70. Rg6+ Kf7 71. Rb6 Ke7 72.
Ke2 Kd7 73. Bd3 Ke7 74. Ke3 Ra4 75. Bf5 Kf7 76. Re6 Ra5 77. Ke4 Rb5 78. Rc6 Ra5
79. Be6+ Ke7 80. Bd5 Ra1 81. Kxe5 Re1+ 82. Be4 Kd7 83. Rb6 Kc8 84. Rb2 Re3 85.
Kd4 Re1 86. Kd5 Kc7 87. Ke5 Kc8 88. Rb4 Kd7 89. Rb7+ Kc8 90. Rg7 Kd8 91. Ra7
Kc8 92. Kd5 Rd1+ 93. Kc6 Kd8 94. Bd5 Ke8 95. Kd6 Kf8 96. Rf7+ Ke8 97. Rf2 Rd3
98. Rg2 1-0

[Event "4NCL/Div1/IND-SWR"]
[Site "Rd10-Birmingham"]
[Date "2000.04.30"]
[Round "10.4"]
[White "Dunnington, Angus"]
[Black "Ledger, Andrew"]
[Result "1/2-1/2"]
[WhiteElo "2366"]
[BlackElo "2431"]
[PlyCount "28"]
[EventDate "2000.04.30"]

1. Nf3 Nf6 2. c4 g6 3. b3 Bg7 4. Bb2 O-O 5. g3 c6 6. Bg2 d5 7. O-O a5 8. Na3
Na6 9. Rb1 Nb4 10. Ra1 Bf5 11. d3 Qd7 12. Nc2 Nxc2 13. Qxc2 Bh3 14. cxd5 Nxd5
1/2-1/2

[Event "4NCL/Div1/IND-SWR"]
[Site "Rd10-Birmingham"]
[Date "2000.04.30"]
[Round "10.5"]
[White "Wade, Robert"]
[Black "Dunworth, Chris"]
[Result "1/2-1/2"]
[WhiteElo "2204"]
[BlackElo "2308"]
[PlyCount "126"]
[EventDate "2000.04.30"]

1. d4 g6 2. e4 c6 3. c4 d5 4. exd5 cxd5 5. Nc3 Nf6 6. cxd5 Bg7 7. Bc4 O-O 8.
Nge2 Nbd7 9. Bb3 Nb6 10. Nf4 Bf5 11. O-O Rc8 12. h3 Ne4 13. Nxe4 Bxe4 14. Re1
Bxd5 15. Nxd5 Nxd5 16. Bg5 Nf6 17. Qf3 Rc7 18. Bf4 Rd7 19. Be5 a6 20. Rad1 e6
21. Bxf6 {(=)} Qxf6 22. Qxf6 Bxf6 23. d5 e5 24. g4 Rfd8 25. Re4 Kf8 26. Kg2 Ke7
27. f4 Kd6 28. g5 Bg7 29. Rd2 Re7 30. Rf2 f5 31. gxf6 Bxf6 32. f5 g5 33. Rc2
Rc7 34. Rec4 Rxc4 35. Rxc4 h5 36. Kf3 Rf8 37. Rc2 Rg8 38. Rg2 Rc8 39. Rc2 Rg8
40. Rg2 Rc8 41. Rc2 Rxc2 42. Bxc2 Kxd5 43. Be4+ Kd4 44. Bxb7 e4+ 45. Ke2 a5 46.
a3 Be7 47. Bc6 Ke5 48. b4 axb4 49. axb4 Bxb4 50. Be8 g4 51. Bxh5 gxh3 52. Kf2
Be1+ 53. Kg1 Bg3 54. Bg4 e3 55. Bf3 Kf4 56. Be2 Kxf5 57. Bf1 Ke4 58. Be2 Kd4
59. Ba6 Kc3 60. Bb5 Kd2 61. Bc4 e2 62. Bxe2 Kxe2 63. Kh1 Kf1 1/2-1/2

[Event "4NCL/Div1/IND-SWR"]
[Site "Rd10-Birmingham"]
[Date "2000.04.30"]
[Round "10.6"]
[White "Barrett, Stephen"]
[Black "Farndon, David"]
[Result "1/2-1/2"]
[WhiteElo "2234"]
[BlackElo "2253"]
[PlyCount "139"]
[EventDate "2000.04.30"]

1. d4 d5 2. c4 c6 3. Nf3 Nf6 4. cxd5 cxd5 5. Nc3 Nc6 6. Bf4 a6 7. h3 Bf5 8. e3
e6 9. Be2 Bb4 10. O-O O-O 11. Qb3 Rc8 12. Rfc1 Qe7 13. a3 Bxc3 14. bxc3 Ne4 15.
Qb6 g5 16. Bh2 h5 17. Ne1 g4 18. Bf4 gxh3 19. f3 Nd6 20. g3 f6 21. c4 Nxc4 22.
Bxc4 dxc4 23. e4 Bg6 24. Rxc4 Nxd4 25. Rxd4 e5 26. Bxe5 Qxe5 27. f4 Qc5 28.
Qxc5 Rxc5 29. Kh2 Rfc8 30. f5 Bf7 31. Rad1 Rc3 32. a4 R3c4 33. Kxh3 b5 34. axb5
axb5 35. Nf3 Rxd4 36. Rxd4 Rc3 37. Rd8+ Kg7 38. Nd4 Re3 39. Nxb5 Rxe4 40. Rd7
Re8 41. Rxf7+ Kxf7 42. Nd6+ Ke7 43. Nxe8 Kxe8 44. Kh4 Kf7 45. Kxh5 Kg7 46. g4
Kh7 47. Kh4 Kh6 48. Kg3 Kg7 49. Kf3 Kf8 50. Ke3 Ke7 51. Kf4 Kf7 52. Ke3 Ke7 53.
Ke4 Ke8 54. Kd4 Kd8 55. Kd5 Kd7 56. Kc5 Kc7 57. Kd4 Kd8 58. Kc4 Kc8 59. Kb4 Kd8
60. Kb5 Kd7 61. Kc5 Kc7 62. Kc4 Kc8 63. Kd3 Kd7 64. Kd4 Kd8 65. Ke4 Ke8 66. Kf4
Kf7 67. g5 fxg5+ 68. Kxg5 Kg7 69. f6+ Kf7 70. Kf5 1/2-1/2

[Event "4NCL/Div1/IND-SWR"]
[Site "Rd10-Birmingham"]
[Date "2000.04.30"]
[Round "10.7"]
[White "Alfred, Nathan"]
[Black "Gayson, Peter"]
[Result "0-1"]
[WhiteElo "2200"]
[BlackElo "2255"]
[PlyCount "81"]
[EventDate "2000.04.30"]

1. e4 c5 2. Nf3 e6 3. d3 d5 4. Nbd2 Nf6 5. g3 b6 6. Bg2 Bb7 7. O-O Nc6 8. Re1
Be7 9. Qe2 Nb4 10. Nf1 dxe4 11. dxe4 Bxe4 12. Bg5 Bb7 13. a3 Nc6 14. Rad1 Qc8
15. Ne3 O-O 16. b4 cxb4 17. axb4 Nxb4 18. Nf5 exf5 19. Qxe7 Nbd5 20. Qa3 Ne4
21. c4 Qxc4 22. Rc1 Ndc3 23. Rxe4 fxe4 24. Rxc3 Qd5 25. Qc1 Rac8 26. Be7 exf3
27. Bxf8 Rxc3 28. Qxc3 Kxf8 29. Bf1 Qc5 30. Qd3 g6 31. h4 Kg7 32. g4 h5 33. g5
Qe5 34. Qd8 Bd5 35. Qd7 a5 36. Qb5 Qe6 37. Kh2 Kh7 38. Bh3 Qe5+ 39. Kg1 Qe1+
40. Bf1 Qe6 41. Kh2 0-1

[Event "4NCL/Div1/IND-SWR"]
[Site "Rd10-Birmingham"]
[Date "2000.04.30"]
[Round "10.8"]
[White "Forbes, Cathy"]
[Black "Richards, Heather"]
[Result "1-0"]
[WhiteElo "2089"]
[BlackElo "2117"]
[PlyCount "105"]
[EventDate "2000.04.30"]

1. d4 e6 2. Nf3 Nf6 3. c3 c5 4. Bf4 b6 5. e3 Bb7 6. Nbd2 Be7 7. h3 cxd4 8. cxd4
O-O 9. Rc1 Nd5 10. Bh2 f5 11. Bc4 Qe8 12. Ne5 f4 13. e4 Nf6 14. Qe2 Bb4 15. f3
d6 16. Nd3 Bxd2+ 17. Kxd2 b5 18. Bb3 Nc6 19. Nxf4 Nxd4 20. Qd3 Nxb3+ 21. Qxb3
d5 22. Rc7 Rb8 23. e5 Nd7 24. Qxb5 Nxe5 25. Qxe8 Rfxe8 26. Nh5 Nf7 27. Rhc1 Ba6
28. b3 Ra8 29. Bg1 e5 30. Bxa7 e4 31. f4 Rad8 32. Bd4 e3+ 33. Ke1 Bd3 34. R1c3
Bg6 35. Ng3 Be4 36. Rxe3 Bxg2 37. h4 Rxe3+ 38. Bxe3 d4 39. Bf2 g6 40. Kd2 Nd6
41. a4 Ne8 42. Rc4 Ng7 43. Rxd4 Rb8 44. Rd3 Ne6 45. Be3 Nd8 46. f5 Nc6 47. f6
Rb4 48. Rd7 Ne5 49. Rg7+ Kh8 50. Re7 Nf3+ 51. Kc3 Rb8 52. f7 Rf8 53. Bh6 1-0

[Event "4NCL/Div1/ADs-WG2"]
[Site "Rd10-Birmingham"]
[Date "2000.04.30"]
[Round "10.1"]
[White "Chandler, Murray"]
[Black "Levitt, Jon"]
[Result "0-1"]
[WhiteElo "2527"]
[BlackElo "2438"]
[PlyCount "58"]
[EventDate "2000.04.30"]

1. e4 e6 2. d4 d5 3. Nc3 Bb4 4. e5 c5 5. a3 Bxc3+ 6. bxc3 Ne7 7. h4 Qc7 8. h5
h6 9. Nf3 b6 10. a4 Ba6 11. Bb5+ Bxb5 12. axb5 a5 13. O-O Nd7 14. Nh4 Rc8 15.
Qg4 cxd4 16. cxd4 Qxc2 17. Qxg7 Qh7 18. Qg3 Rg8 19. Qf4 Rg5 20. Re1 Rc4 21. Ba3
Qg7 22. Rac1 Rg4 23. Qh2 Rgxd4 24. Nf3 Rg4 25. Rxc4 Rxc4 26. Rc1 Qg4 27. Re1
Nf5 28. Bc1 Nc5 29. Rd1 Nd4 0-1

[Event "4NCL/Div1/ADs-WG2"]
[Site "Rd10-Birmingham"]
[Date "2000.04.30"]
[Round "10.2"]
[White "Martin, Andrew"]
[Black "Mestel, Jonathan"]
[Result "0-1"]
[WhiteElo "2446"]
[BlackElo "2479"]
[PlyCount "82"]
[EventDate "2000.04.30"]

1. d4 g6 2. e4 d6 3. Nc3 c6 4. Be3 Bg7 5. Qd2 b5 6. Nf3 Nd7 7. Bd3 Bb7 8. O-O
a6 9. a4 b4 10. Ne2 c5 11. c3 Ngf6 12. Ng3 bxc3 13. bxc3 Qa5 14. Rab1 Rb8 15.
e5 Nd5 16. c4 Nb4 17. e6 fxe6 18. Ng5 cxd4 19. Nxe6 dxe3 20. Nxg7+ Kf7 21.
fxe3+ Kxg7 22. Rxb4 Bc6 23. Rfb1 Rxb4 24. Rxb4 Ne5 25. Qb2 Qc5 26. Nf1 Rf8 27.
Be2 a5 28. Rb8 Rxb8 29. Qxb8 Bxa4 30. h4 Bc2 31. Qe8 Qa7 32. h5 gxh5 33. Qxh5
Bg6 34. Qg5 Nf7 35. Qb5 a4 36. c5 a3 37. cxd6 exd6 38. Bc4 Qc5 39. Qa6 Ne5 40.
Ba2 Be4 41. Qa4 Qc2 0-1

[Event "4NCL/Div1/ADs-WG2"]
[Site "Rd10-Birmingham"]
[Date "2000.04.30"]
[Round "10.3"]
[White "Bellin, Robert"]
[Black "Sowray, Peter"]
[Result "1-0"]
[WhiteElo "2351"]
[BlackElo "2358"]
[PlyCount "129"]
[EventDate "2000.04.30"]

1. e4 c5 2. Nf3 e6 3. d3 Nc6 4. g3 d5 5. Qe2 Nge7 6. Bg2 b6 7. O-O Bb7 8. c3 g6
9. e5 Bg7 10. Re1 h6 11. h4 Nf5 12. Bf4 Bf8 13. Na3 Be7 14. Qd2 Kf8 15. g4 Nxh4
16. Nxh4 g5 17. Bh2 gxh4 18. f4 d4 19. c4 Qd7 20. Nc2 Rg8 21. Bh3 Na5 22. Kf2
Qc6 23. Qe2 Nxc4 24. dxc4 d3 25. Qxd3 Rd8 26. Qe3 Rxg4 27. Rg1 Rd2+ 28. Qxd2
Qf3+ 29. Ke1 Qxh3 30. Rxg4 Qxg4 31. Qf2 h3 32. Ne3 Qg6 33. Kd2 Qe4 34. Rd1 b5
35. cxb5 c4 36. Nc2 Bd5 37. Qe2 c3+ 38. bxc3 Qa4 39. a3 Be4 40. Rc1 Bg6 41. Nd4
Qxa3 42. Kd1 Bh4 43. Qc4 Bf2 44. f5 Be3 45. Qb4+ Qxb4 46. cxb4 Bh5+ 47. Kc2
Bxd4 48. Kd3 Bb6 49. f6 Ke8 50. Ke4 Be2 51. Kf4 Bxb5 52. Bg1 Bc6 53. Kg3 Kd7
54. Bxb6 axb6 55. Kxh3 Be4 56. Kg4 Bg6 57. Kf4 Bf5 58. Rc3 Bg6 59. b5 Bh5 60.
Rc6 Be2 61. Rxb6 Kc8 62. Rc6+ Kb7 63. Rd6 Bxb5 64. Rd8 Kc7 65. Rf8 1-0